00517 2200193 4500001002100000005001500021035002000036007000300056008004100059020002200100082000800122084001400130100001800144245006000162250001100222260004800233300003200281650001000313INLIS00000000000126320211004084159 a0010-1021000035ta211004 d f ind  a978-602-03-7741-4 a823 a823 J. h0 aJ. K. Rowling1 aHarry Potter And The Half-Blood Prince /cJ. K. Rowling aCet. 3 aJakarta :bPT Gramedia Pustaka Utama,c2019 a816 hlm. ;c13,5 cm x 20 cm anovel